Vaccins obligatoires en France - Statistiques

Statistiques générales
  • Ce quiz a été pris 15 865 fois
    8 593 depuis la dernière actualisation
  • Le résultat moyen est 5 sur 12
Statistiques - réponses
Âge Réponse % Correct
2 mois Tétanos
84%
12 mois Rougeole
62%
2 mois Poliomyélite
48%
2 mois Hépatite B
46%
12 mois Rubéole
43%
12 mois Oreillons
41%
2 mois Diphtérie
35%
2 mois Coqueluche
33%
3 mois Méningocoque B
25%
6 mois Méningocoques ACWY
25%
2 mois H. influenzae B
23%
2 mois Pneumocoque
13%
Aucun quiz correspondant
Distribution des résultats
% des personnes avec chaque résultat
Percentile par nombre de réponses
Votre historique - résultats
Vous n’avez pas pris ce quiz depuis la dernière actualisation